00221nam a2200097Ia 4500100001700000654001300017245003800030260003500068300000800103546001200111 aShanley/Tom  aComputer aPower PC Systems Architecture bAddison WeslyaNew Delhic1995 a609 aENGLISH